LDR 00819naa#a2200205#i#450# 001 EN\\bibl\119377 005 20260430011944.4 011 ## _a1994-4683 100 ## _a20260429b2026####ek#y0engy0150####ca 102 ## _aRU 200 1# _aApplication of proprioceptive-oriented exercises for developing coordination abilities in ITF Taekwon-Do during the initial training stage _eJournal article 210 1# _aMoscow _cNational State University of Physical Education, Sports and Health named after P.F. Lesgaft _d2026 215 ## _a6 с. 608 ## _aJournal article _2local 675 ## _aТаеквон-до. 796.856.2 _z 700 #1 _aNeburakovskiy _gAleksandr Aleksandrovich 700 #1 _aPustueva _gElizaveta Anatol'evna 700 #1 _aGutovskiy _gRuslan Vladimirovich 700 #1 _aSohan _gMaxim Spartakovich 856 4# _auchzapiski.lesgaft.spb.ru _u